LEADER 01024nam a2200217 i 4500 001 000000045546 003 CaOOAMICUS 005 20071121000000.0 008 071121s1980 it u000 u ita u 013 $a16716 040 $aSeMil$bita 100 1 $aViola, Ezio.$0(OLS)http://semarc/name/22646 245 10$aMania dell'eterno :$bgli ultimi due anni della vita di Clemente Rebora nel diario del suo infermiere /$cEzio Viola ; a cura di Enzo Fabiani. 260 $aVicenza :$bLa Locusta,$cstampa 1980. 300 $a62 p. ;$c18 cm. 600 14$aRebora, Clemente .$0(OLS)http://semarc/subject/13 700 1 $aFabiani, Enzo,$d<1924-2013>.$0(OLS)http://semarc/name/18788 850 $aSeMil 852 $aSeMil$W1$xVenegono$y1$m1O III 222$j11701$B11701$CSeMilBibl$Z2$F11701 $81 996 $6245$aMania dell'eterno :$bgli ultimi due anni della vita di Clemente Rebora nel diario del suo infermiere$9(OLS)http://semarc/title/67739 996 $6260$aVicenza :$bLa Locusta$9(OLS)http://semarc/publisher/31451 LEADER 01183nam a2200265 i 4500 001 000000107828 003 CaOOAMICUS 005 20050803000000.0 008 050803s1991 it u000 u ita u 013 $a80348 040 $aSeMil$bita 100 1 $aSabarsky, Serge.$0(OLS)http://semarc/name/45371 245 10$aGustav Klimt /$cSerge Sabarsky ; testi [di] Peter Baum ... [et al.] ; apparato critico e schede [di] Laura Lombardi. 260 $aFirenze :$bArtificio,$cstampa 1991. 300 $a231 p. :$briccamente ill. ;$c30 cm. 500 $aCatalogo della Mostra tenuta a Firenze, Palazzo Strozzi, 30 novembre 1991-8 marzo 1992. - Contiene : Bibliografia. - Fondo Ciprandi. 650 4$aKlimt, Gustav <1862-1918>.$0(OLS)http://semarc/subject/18974 700 1 $aLombardi, Laura.$0(OLS)http://semarc/name/45373 700 1 $aBaum, Peter.$0(OLS)http://semarc/name/45372 850 $aSeMil 852 $aSeMil$W1$xVenegono$y1$m5P XVI 11$j63924$B63924$CSeMilBibl$Z2$F101226 $81 941 1 $a1 961 $aOmaggio: Ciprandi dott. Paolo 996 $6245$aGustav Klimt$9(OLS)http://semarc/title/156469 996 $6260$aFirenze :$bArtificio$9(OLS)http://semarc/publisher/44935